|
|
|
|
| LEADER |
00000cam a2200000 a 4500 |
| 001 |
vtls001225458 |
| 003 |
SK-MaSNL |
| 005 |
20260301154651.0 |
| 008 |
240226s1996 xo a a 000 j cze |
| 015 |
|
|
|a SNBA1997/0401002
|
| 020 |
|
|
|a 8071464252
|q (viazané)
|
| 035 |
|
|
|a SNK000172445
|
| 035 |
|
|
|a urn:nbn:sk:snk-amyhxu
|
| 035 |
|
|
|a urn:nbn:sk:snk-am00cjsv
|
| 035 |
|
|
|a 9E6E2F62-42AB-4BDC-9528-E7EA82B63A2F
|
| 040 |
|
|
|a SNK
|b slo
|c SNK
|e AACR2
|
| 041 |
1 |
|
|a cze
|h [fre]
|
| 044 |
|
|
|a xo
|a SK
|
| 072 |
|
7 |
|a 821-93
|x Literatúra pre deti a mládež (beletria)
|2 konspekt
|
| 080 |
|
|
|a 821-32
|2 2011
|
| 080 |
|
|
|a 821-34
|2 2011
|
| 080 |
|
|
|a (0:82-32)
|2 2011
|
| 080 |
|
|
|a (0:82-34)
|2 2011
|
| 080 |
|
|
|a 82-93-053.2
|2 2011
|
| 245 |
0 |
0 |
|a 365 pohádek
|c [ilustrace Carlos Busquets] ; [přeložila Gerta Vafková]
|
| 246 |
1 |
3 |
|a Třistašedesátpět pohádek
|
| 260 |
|
|
|a [Bratislava]
|b [Junior]
|c c1996
|
| 300 |
|
|
|a 194 s.
|b ilustrácie
|c 28 cm
|
| 500 |
|
|
|a Údaj o ilustr. a prekl. prevzatý z rubu tit. strany
|
| 500 |
|
|
|a Preložené pravdepodobne z francúzštiny
|
| 655 |
|
7 |
|a príbehy
|2 SNKPH
|9 70507
|
| 655 |
|
7 |
|a rozprávky
|2 SNKPH
|9 70597
|
| 655 |
|
7 |
|a publikácie pre deti
|2 SNKPH
|9 70148
|
| 655 |
|
7 |
|a Stories
|2 SNKPHeng
|9 265785
|
| 655 |
|
7 |
|a Fairy tales
|2 SNKPHeng
|9 265887
|
| 655 |
|
7 |
|a Children's literature
|2 SNKPHeng
|9 276039
|
| 700 |
1 |
|
|a Busquets, Carlos
|4 ill
|9 41060
|
| 700 |
1 |
|
|a Vafková, Gerta
|4 trl
|9 47503
|
| 919 |
|
|
|a 80-7146-425-2
|
| 958 |
|
|
|a OND
|
| 958 |
|
|
|a UP
|
| 958 |
|
|
|a LX
|
| 958 |
|
|
|a DB
|
| 968 |
|
|
|a ČES
|b FR
|
| 999 |
|
|
|c 797644
|d 799574
|
| 952 |
|
|
|t P60, <03>, [BOOK], {603}
|a SNK
|b SNK
|y PREZ
|7 0
|p 17A0033411
|o snkSB 56392
|i snkKSP 575/97
|0 0
|1 0
|4 0
|d 1997-01-23
|f 1
|l 0
|r 2025-04-02 00:00:00
|w 2026-02-24
|
| 952 |
|
|
|t P60, <09>, [BOOK], {629}
|a SNK
|b SNK
|y NEVYP
|7 0
|o snkB 80
|i snk224/970124
|0 0
|1 0
|4 0
|d 1997-01-23
|l 0
|r 2005-01-01 00:00:00
|w 2026-02-24
|
| 952 |
|
|
|t P60, <04>, [BOOK], {604}
|a SNK
|b SNK
|y VYP
|7 0
|p 17A0033410
|o snkSB 56392 D1
|i snkKSP 576/97
|0 0
|1 0
|4 0
|d 1997-01-23
|l 0
|r 2005-01-01 00:00:00
|w 2026-02-24
|